Better Business Writing (Record no. 346843)
[ view plain ]
| 000 -LEADER | |
|---|---|
| fixed length control field | 00301 a2200109 4500 |
| 090 ## - LOCALLY ASSIGNED LC-TYPE CALL NUMBER (OCLC); LOCAL CALL NUMBER (RLIN) | |
| -- | 4398 |
| -- | 4398 |
| 100 ## - MAIN ENTRY--PERSONAL NAME | |
| Personal name | Susan L. Brock |
| 245 ## - TITLE STATEMENT | |
| Title | Better Business Writing |
| Remainder of title | Techniques for Improing Correspondence |
| 250 ## - EDITION STATEMENT | |
| Edition statement | 3rd ed |
| 260 ## - PUBLICATION, DISTRIBUTION, ETC. | |
| Place of publication, distribution, etc. | Viva Books |
| Name of publisher, distributor, etc. | New Delhi |
| Date of publication, distribution, etc. | 2004 |
| 942 ## - ADDED ENTRY ELEMENTS (KOHA) | |
| Institution code [OBSOLETE] | NBS |
| Koha item type | Book |
| Call number prefix | 808.06665 BRO |
| Withdrawn status | Lost status | Damaged status | Not for loan | Permanent Location | Current Location | Date acquired | Total Checkouts | Full call number | Barcode | Date last seen | Date last checked out | Price effective from | Koha item type |
|---|---|---|---|---|---|---|---|---|---|---|---|---|---|
| Central Library (CL) | Central Library (CL) | 08/28/2013 | 2 | 808.06665 BRO | NBS5352 | 01/07/2023 | 01/06/2023 | 08/28/2013 | Book |
